Environmentálna stratégia podniku ako rozvojový nástroj bakalárska práca

Uložené v:
Podrobná bibliografia
Hlavný autor: Kolejáková, Zuzana
Korporativný autor: Podnikovohospodárska fakulta EU so sídlom v Košiciach. Katedra manažmentu
Ďalší autori: Lešková, Ľubica, 1988-
Médium: Kniha
Jazyk:Slovak
Vydavateľské údaje: Košice 2015
Tagy: Pridať tag
Žiadne tagy, Buďte prvý, kto otaguje tento záznam!

MARC

LEADER 00000nbm a2200000 4500
001 0202331
005 20161212094611.1
041 0 |a slo 
044 |a SK 
245 1 0 |a Environmentálna stratégia podniku ako rozvojový nástroj  |b bakalárska práca  |c Zuzana Kolejáková ; školiteľ: Ľubica Lešková 
264 1 |a Košice  |c 2015 
300 |a 59 s. 
100 1 |a Kolejáková, Zuzana 
700 1 |a Lešková, Ľubica, 1988- 
710 2 |a Podnikovohospodárska fakulta EU so sídlom v Košiciach. Katedra manažmentu